Statistics for Most Popular High School Sports (U.S.)

Click here to take the quiz!

General Stats

  • This quiz has been taken 114,664 times
    (103,729 since last reset)
  • The average score is 11 of 15

Answer Stats

Boys rankGirls rankSport% Correct
1Football
99%
43Basketball
97%
34Soccer
95%
5Baseball
94%
21Track & Field
84%
108Swimming & Diving
78%
87Tennis
78%
12Field Hockey
77%
122Volleyball
74%
1110Lacrosse
64%
5Softball
60%
911Golf
58%
60Wrestling
55%
9Competitive Spirit Squads
53%
76Cross Country
42%

Score Distribution

Percentile by Number Answered

Percent of People with Each Score

Your Score History

You have not taken this quiz since the last reset